Pays sans partis politiques - Statistiques

Statistiques générales
  • Ce quiz a été pris 327 fois
  • Le résultat moyen est 6 sur 10
Statistiques - réponses
Hint Pays % Correct
Europe Vatican
84%
Asie Qatar
69%
Asie Arabie saoudite
65%
Asie Emirats Arabes Unis
63%
Oceanie Tuvalu
63%
Oceanie Palaos
59%
Asie Koweit
58%
Asie Bahrein
57%
Asie Oman
57%
Oceanie Micronesie
56%
Aucun quiz correspondant
Distribution des résultats
% des personnes avec chaque résultat
Percentile par nombre de réponses
Votre historique - résultats
Vous n’avez pas pris ce quiz